Análisis de un sistema productivo ganadero intensivo en el partido de Villarino : aportes del ciclo profesional de Ingeniería Agronómica /

Guardado en:
Autor Principal: Acuña, Cristian.
Autor Corporativo: Universidad Nacional del Sur. Departamento de Agronomía.
Otros Autores: Pellegrini, Cecilia N., (tutor.)
Formato: Libro
Idioma:Spanish
Publicado: Bahía Blanca, 2019.
Materias:
Etiquetas: Agregar Etiqueta
Sin Etiquetas, Sea el primero en etiquetar este registro!
LEADER 01097nam a22002415a 4500
001 EEA.libagro011116
005 20190515092238.0
008 190514s2019####ag############000#0#spa#d
082 0 4 |a 636.2 
100 1 |a Acuña, Cristian. 
245 1 0 |a Análisis de un sistema productivo ganadero intensivo en el partido de Villarino :  |b aportes del ciclo profesional de Ingeniería Agronómica /  |c Cristian Acuña. 
260 |a Bahía Blanca,  |c 2019. 
300 |a 44 h. :  |b il. col., fot. col. ;  |c 30 cm. 
500 |a Trabajo de intensificación (Ingeniero Agrónomo) -- Universidad Nacional del Sur. Departamento de Agronomía, 2019. 
650 7 |a Ganadería  |x Sistemas de producción  |2 agrovoc 
650 7 |a Ganadería  |x Métodos de crianza  |2 agrovoc 
650 7 |a Ganadería  |x Crianza intensiva  |2 agrovoc 
651 7 |a Villarino (Argentina : Partido) 
653 |a Buenos Aires (Argentina : Provincia) 
653 |a Práctica profesional 
700 1 |a Pellegrini, Cecilia N.,  |e tutor. 
710 2 |a Universidad Nacional del Sur.  |b Departamento de Agronomía. 
859 |a AR-BbBCA  |b BIB. AGRONOMIA  |h 636.2  |i A189  |p 2019/7011